El banco del sur y la nueva crisis internacional : alternativas y resistencias /

Bibliographic Details
Main Author: Toussaint, Eric
Other Authors: Millet, Daniel, Houtart, François, 1925-, Quiroz, Raúl
Format: Electronic eBook
Language:Spanish
French
Published: [Mataro (Barcelona)] : El Viejo Topo / Ediciones de Intervención Cultural, S.L., 2008.
Edition:1a. ed.
Subjects:
Online Access:Digitalia Hispánica

MARC

LEADER 00000nam a2200000Ii 4500
001 DIGVIETO004
003 NyNyDIG
006 m o d
007 cr |||||||||||
008 130601s2008 sp ob 000 0 spa d
020 |z 8496831752 
020 |z 9788496831759 
035 |a (OCoLC)888284227 
040 |a DGITA  |b eng  |e pn  |c DGITA 
041 1 |a spa  |h fre 
043 |a d------  |a cl----- 
050 1 4 |a HG3881 eBook 
100 1 |a Toussaint, Eric.  
240 1 0 |a Banque du Sud et nouvelle crise internationale  |l Spanish 
245 1 3 |a El banco del sur y la nueva crisis internacional :  |b alternativas y resistencias /  |c Eric Toussaint ; prólogo de Damien Millet ; postfacio de François Houtart ; traducción de Raúl Quiroz. 
250 |a 1a. ed. 
264 1 |a [Mataro (Barcelona)] :  |b El Viejo Topo / Ediciones de Intervención Cultural, S.L.,  |c 2008. 
300 |a 1 online resource (230 pages) 
336 |a text  |b txt  |2 rdacontent 
337 |a computer  |b c  |2 rdamedia 
338 |a online resource  |b cr  |2 rdacarrier 
500 |a Translation of: Banque du Sud et nouvelle crise internationale: alternatives et résistances au capitalisme néolibéral. Paris : Syllepse ; Liège : Comité pour l'annulation de la dette du Tiers monde (CADTM), 2008. 
504 |a Includes bibliographical references (p. 219-227). 
650 0 |a International finance. 
650 0 |a Debts, External  |z Latin America  |v Case studies. 
650 0 |a Debts, External  |z Developing countries. 
610 2 0 |a International Monetary Fund. 
610 2 0 |a World Bank. 
655 0 |a Electronic books. 
700 1 |a Millet, Daniel. 
700 1 |a Houtart, François, 1925-. 
700 1 |a Quiroz, Raúl. 
791 2 |a Digitalia (Firm),  |e distributor. 
793 0 |g Digitalia eBook Collection:  |a El Viejo Topo. 
856 4 0 |3 Digitalia Hispánica  |u https://www.digitaliapublishing.com/a/19374/ 
910 |a Premium Collection: 2007-2012